| 000 | 00842ntm a22002297a 4500 | ||
|---|---|---|---|
| 005 | 20170813134958.0 | ||
| 008 | 170802s2010 xx a frb 000 0 eng d | ||
| 040 |
_aEG-ScBUE _beng _cEG-ScBUE |
||
| 082 | 0 | 4 |
_222 _a624 _bATT |
| 100 | 1 | _aEl-Attal, Ahmed Khaled. | |
| 245 | 1 | 0 |
_aInnovation in construction as an approach for achieving competitive advantage in construction / _cAhmed Khaled El-Attal. |
| 260 | _c2010. | ||
| 300 |
_a64 p. : _bill. ; _c28 cm. |
||
| 500 | _aA dissertation submitted to the faculty of engineering, The British University in Egypt, in partial fulfillment of the requirements for the bachelor degree in Civil engineering. | ||
| 590 | _aNour | ||
| 650 | 7 |
_2BUEsh _vProjects _aCivil engineering |
|
| 653 |
_bENGCIV _cAugust2017 |
||
| 655 | _vSPRO | ||
| 700 | 1 |
_aOsman, Ayman. _eths |
|
| 777 | _ASPRO | ||
| 942 | _2ddc | ||
| 999 |
_c25116 _d25088 |
||